Concept and the role of the model in mathematics and natural and social sciences (Record no. 370842)

000 -LEADER
fixed length control field 00676cam a22001577a 4500
008 - FIXED-LENGTH DATA ELEMENTS--GENERAL INFORMATION
fixed length control field 180718b1961 xxu||||| |||| 00| 0 eng d
082 ## - DEWEY DECIMAL CLASSIFICATION NUMBER
Classification number I5532 In8
245 ## - TITLE STATEMENT
Title Concept and the role of the model in mathematics and natural and social sciences
Statement of responsibility, etc. by International Union of History and Philosophy of Sciences
260 ## - PUBLICATION, DISTRIBUTION, ETC.
Place of publication, distribution, etc. Dordrecht
Name of publisher, distributor, etc. Reidel
Date of publication, distribution, etc. 1961
300 ## - PHYSICAL DESCRIPTION
Extent 194p.
500 ## - GENERAL NOTE
General note Proceedings of colloquium sponsored by Div of Philo. of Sc. of the Union, 1960
650 ## - SUBJECT ADDED ENTRY--TOPICAL TERM
Topical term or geographic name entry element Electromechanical analogies
650 ## - SUBJECT ADDED ENTRY--TOPICAL TERM
Topical term or geographic name entry element Mathematics --Study and teaching --Audio-visual aids
650 ## - SUBJECT ADDED ENTRY--TOPICAL TERM
Topical term or geographic name entry element Science --Methodology
700 ## - ADDED ENTRY--PERSONAL NAME
Personal name International Union of History and Philosophy of Sciences
Holdings
Withdrawn status Lost status Damaged status Not for loan Permanent Location Current Location Date acquired Full call number Barcode Date last seen Price effective from Koha item type
        Indian Institute of Public Administration Indian Institute of Public Administration 1994-06-08 I5532 In8 30500 2018-07-21 2018-07-21 Book

Powered by Koha